000 00833nam a2200217 i 4500
001 90103
003 ES-MaACL
005 20250701021846.0
007 t|
008 050118s1969 sp ||||1| spa d
100 1 _aLefebvre, Henri.
_971225
245 1 0 _aAjuste de cuentas con el estructuralismo
_b: Claude Levi Strauss y el nuevo eleatismo /
_cHenri Lefebvre. Ajuste de cuentas con la poética estructural / Galvano Della Volpe ; [traducción, María Esther Benítez].
260 _a[Madrid :
_bAlberto Corazón,
_c1969]
300 _a92 p. ;
_c18 cm.
650 0 4 _aEstructuralismo.
_912567
700 1 _aDella Volpe, Galvano.
_943538
700 1 _aBenítez, Esther,
_d1937-2001
_927600
740 0 _aAjuste de cuentas con la poética estructural.
852 _aES-MaACL
_jC-52278
_bR.72197
999 _c90103
_d90103